Ekonomie altruismu.

Cieľom príspevku je ukázať, že teória úžitku (utility theory) ktorá sa bežne používa pri vysvetľovaní "sebeckého" jednania jednotlivca na trhu, je použiteľná aj pri skúmaní tzv. altruistického správania jednotlivca. Bytostná snaha človeka o maximalizáciu úžitku pri minimalizácii nákladov je univerzá...

Descrizione completa

Salvato in:
Dettagli Bibliografici
Autore principale: Kinkor, Jiří
Natura: Capitolo di libro
Lingua:ceco
Soggetti:
Tags: Aggiungi Tag
Nessun Tag, puoi essere il primo ad aggiungerne!!

MARC

LEADER 00000naa a2200000 4500
001 r011171
005 20220831090737.0
041 0 |a cze 
044 |a [CS] 
245 1 0 |a Ekonomie altruismu.  |c J. Kinkor 
520 |a Cieľom príspevku je ukázať, že teória úžitku (utility theory) ktorá sa bežne používa pri vysvetľovaní "sebeckého" jednania jednotlivca na trhu, je použiteľná aj pri skúmaní tzv. altruistického správania jednotlivca. Bytostná snaha človeka o maximalizáciu úžitku pri minimalizácii nákladov je univerzálnou vlastnosťou a pôvodnou motiváciou. Altruizmus je len odvodeným prejavom tejto snahy. 
610 2 0 |a teória úžitku 
610 2 0 |a trh 
610 2 0 |a správanie 
610 2 0 |a altruizmus 
610 2 0 |a motivácia 
610 2 0 |a činiteľ ľudský 
610 2 0 |a behaviorizmus 
610 2 0 |a filozofia 
100 1 |a Kinkor, Jiří